| 000 | 00691cam a22002293a 4500 | ||
|---|---|---|---|
| 001 | 6427 | ||
| 003 | PGUSA | ||
| 005 | 20140828083132.0 | ||
| 008 | 040901s2004||||xxu|||||s|||||000 | eng d | ||
| 040 |
_aPGUSA _beng |
||
| 042 | _adc | ||
| 050 | 4 | _aDG | |
| 100 | 1 |
_aGilman, Arthur, _d1837-1909 |
|
| 245 | 1 | 4 |
_aThe Story of Rome from the Earliest Times to the End of the Republic _h[electronic resource] / _cArthur Gilman |
| 260 |
_bProject Gutenberg, _c2004 |
||
| 506 | _aPublic domain in the USA. | ||
| 516 | _aElectronic text | ||
| 653 | _aRome -- History -- Republic, 510-30 B.C. | ||
| 830 | 0 |
_aProject Gutenberg _v6427 |
|
| 856 | 4 | 0 | _uhttp://www.gutenberg.org/ebooks/6427 |
| 942 | _cEB | ||
| 999 |
_c235750 _d235750 |
||